Los derechos de Bolivia sobre el Oriente y el Chaco Boreal
Saved in:
| Hovedforfatter: | |
|---|---|
| Format: | Bog |
| Sprog: | spansk |
| Udgivet: |
La Paz
López
1928
|
| Udgivelse: | 2a. ed |
| Fag: | |
| Tags: |
Tilføj Tag
Ingen Tags, Vær først til at tagge denne postø!
|
MARC
| LEADER | 00000nam a2200000 a 4500 | ||
|---|---|---|---|
| 001 | UCW9529 | ||
| 003 | CL-VaPUC | ||
| 008 | 890509e19280000BO |||||||||||||||||spa|d | ||
| 082 | 0 | 4 | |a 327 |b ALA |2 21 |
| 100 | 0 | |a Alaiza, Miguel |e author |9 314816 | |
| 245 | 1 | 4 | |a Los derechos de Bolivia sobre el Oriente y el Chaco Boreal |
| 250 | |a 2a. ed | ||
| 300 | |a 71 p | ||
| 942 | |c BK | ||
| 945 | |d 19890509 00:00:00 | ||
| 260 | |a La Paz |b López |c 1928 | ||
| 650 | 0 | |a Relaciones Internacionales |9 255740 | |
| 583 | |a last modification |c 19890509 00:00:00 |k Rodrigo Vera | ||
| 999 | |c 221470 |d 221468 | ||
| 952 | |0 0 |1 0 |4 0 |6 327_000000000000000_ALA_1928 |7 0 |8 X |9 214818 |a BIBHIS |b BIBHIS |d 2019-11-15 |i 2834014 |o 327 ALA 1928 |p 2834014 |r 2024-01-30 |w 2019-11-15 |y BK_X |k HIS | ||